El derecho civil en México. Dos siglos de historia. Desde la formación de las instituciones hasta la socialización dela norma jurídica.

Saved in:
Bibliographic Details
Main Author: Castañeda Rivas, María Leoba (autora)
Format: Book
Published: México, D.F., México: Porrúa, 2013.
Edition:Primera edición.
Subjects:
Tags: Add Tag
No Tags, Be the first to tag this record!

MARC

LEADER 00000nam a22000007a 4500
003 CL-VaPUC
005 20220822114638.0
008 220718t2013 ||||| |||| 00| 0 eng d
999 |c 437175  |d 437173 
020 |a 978-607-09-1243-6 
040 |c Pontificia Universidad Católica de Valparaíso 
082 7 |a 346.972 CAS 2013  |2 22 
100 1 |a Castañeda Rivas, María Leoba   |e autora  |9 873180 
245 1 3 |a El derecho civil en México.   |b Dos siglos de historia. Desde la formación de las instituciones hasta la socialización dela norma jurídica.  
250 |a Primera edición. 
260 |a México, D.F., México:  |b Porrúa,  |c 2013. 
300 |a 113 páginas.  
500 |a c.1 Donación Familia Prof. Alejandro Guzmán Brito. 
583 |c 20220718  |k Cristina María Rojas Aguilar 
650 |a Derecho civil   |z México   |x Historia   |9 873181 
942 |2 ddc  |c BK  |n 0 
952 |0 0  |1 0  |2 ddc  |4 0  |6 346_972000000000000_CAS_2013  |7 1  |8 C_AGB  |9 584927  |a BIBDER  |b BIBDER  |d 2022-07-18  |e Donación   |i 5653034  |o 346.972 CAS 2013  |p 5653034  |r 2023-01-25  |t 1  |w 2022-07-18  |y BK_US  |k AGB